[Event "FICGS class D 000227 email"]
[Site "FICGS email"]
[Date "2016.01.22"]
[Round "1"]
[White "Trigance, Emile"]
[Black "Von Buttlar, Paul"]
[Result "1-0"]
[WhiteElo "1534"]
[BlackElo "1640"]
[PlyCount "45"]
[EventDate "2016.??.??"]
[EventType "tourn (corr)"]
[EventRounds "6"]
[SourceTitle "Corr 2022"]
[Source "ChessBase"]
[SourceDate "2021.10.24"]
[SourceVersion "1"]
[SourceVersionDate "2021.10.24"]
[SourceQuality "1"]

1. d4 d5 2. c4 e6 3. Nc3 Nf6 4. Bg5 Be7 5. e3 0-0 6. Nf3 c6 7. Rc1 Nfd7 8. Bxe7 Qxe7 9. c5 e5 10. Be2 e4 11. Nd2 f5 12. 0-0 Qg5 13. f4 exf3 14. Rxf3 Nf6 15. Rg3 Qh6 16. Rh3 Qg6 17. Rg3 Qe8 18. Qc2 Ne4 19. Ndxe4 fxe4 20. b4 a6 21. a4 Be6 22. Bg4 Nd7 23. Qe2 1-0

[Event "FICGS class C 000230 email"]
[Site "FICGS email"]
[Date "2016.01.04"]
[Round "1"]
[White "Bullerkotte, Frank"]
[Black "Von Buttlar, Paul"]
[Result "1-0"]
[WhiteElo "1764"]
[BlackElo "1640"]
[PlyCount "35"]
[EventDate "2016.??.??"]
[EventType "tourn (corr)"]
[EventRounds "4"]
[SourceTitle "Corr 2022"]
[Source "ChessBase"]
[SourceDate "2021.10.24"]
[SourceVersion "1"]
[SourceVersionDate "2021.10.24"]
[SourceQuality "1"]

1. d4 d5 2. c4 e6 3. Nc3 c6 4. Nf3 Nf6 5. Bg5 Be7 6. e3 Ne4 7. Bxe7 Qxe7 8. Qc2 Nd7 9. a3 Nxc3 10. Qxc3 0-0 11. Bd3 dxc4 12. Bxc4 b5 13. Be2 Bb7 14. 0-0 c5 15. dxc5 Nxc5 16. Bxb5 Rac8 17. Be2 Bd5 18. Rac1 1-0

[Event "FICGS class C 000224 email"]
[Site "FICGS email"]
[Date "2015.09.07"]
[Round "1"]
[White "Domingo Gadea, Jordi"]
[Black "Von Buttlar, Paul"]
[Result "1-0"]
[WhiteElo "1755"]
[BlackElo "1641"]
[PlyCount "69"]
[EventDate "2015.??.??"]
[EventType "tourn (corr)"]
[EventRounds "1"]
[SourceTitle "Corr 2022"]
[Source "ChessBase"]
[SourceDate "2021.10.24"]
[SourceVersion "1"]
[SourceVersionDate "2021.10.24"]
[SourceQuality "1"]

1. g4 d5 2. h3 c6 3. d4 e6 4. Bg2 Bd6 5. Nf3 Ne7 6. Nc3 0-0 7. e4 dxe4 8. Nxe4 Bc7 9. 0-0 Nd7 10. Qe2 Nd5 11. c4 Nf4 12. Bxf4 Bxf4 13. Rad1 Qc7 14. Rfe1 b6 15. d5 exd5 16. cxd5 cxd5 17. Nc3 Bb7 18. Qe7 Bd6 19. Nb5 Bxe7 20. Nxc7 Bb4 21. Nxa8 Bxa8 22. Re2 Nf6 23. a3 Bd6 24. Nd4 Ne4 25. Nf5 Bc5 26. Bxe4 dxe4 27. b4 g6 28. Ng3 Be7 29. Rd7 Bh4 30. Nxe4 a5 31. bxa5 bxa5 32. Ra7 Rc8 33. Rxa5 f5 34. gxf5 gxf5 35. Rxf5 1-0

[Event "FICGS class C 000224 email"]
[Site "FICGS email"]
[Date "2015.09.07"]
[Round "1"]
[White "Satonnet, Patrick"]
[Black "Von Buttlar, Paul"]
[Result "1-0"]
[WhiteElo "1760"]
[BlackElo "1641"]
[PlyCount "55"]
[EventDate "2015.??.??"]
[EventType "tourn (corr)"]
[EventRounds "1"]
[SourceTitle "Corr 2022"]
[Source "ChessBase"]
[SourceDate "2021.10.24"]
[SourceVersion "1"]
[SourceVersionDate "2021.10.24"]
[SourceQuality "1"]

1. c4 e6 2. Nf3 d5 3. d4 c6 4. Qc2 Nf6 5. g3 g6 6. Bg2 Bg7 7. 0-0 0-0 8. Rd1 Nbd7 9. Nbd2 Re8 10. e4 dxe4 11. Nxe4 Nxe4 12. Qxe4 Nf6 13. Qc2 Qa5 14. Bd2 Qf5 15. Qb3 Nd7 16. Re1 c5 17. Be3 cxd4 18. Nxd4 Qa5 19. Nb5 a6 20. Nd6 Rf8 21. Rad1 Rb8 22. Qc2 Nf6 23. Bd2 Qc7 24. Bf4 Nh5 25. Nb5 Qxf4 26. gxf4 axb5 27. cxb5 Nxf4 28. Qc7 1-0

[Event "FICGS rapid C 000126 email"]
[Site "FICGS email"]
[Date "2015.07.10"]
[Round "1"]
[White "Foster, Duncan"]
[Black "Von Buttlar, Paul"]
[Result "0-1"]
[WhiteElo "1559"]
[BlackElo "1636"]
[PlyCount "94"]
[EventDate "2015.??.??"]
[EventType "tourn (rapid)"]
[EventRounds "4"]
[SourceTitle "Corr 2022"]
[Source "ChessBase"]
[SourceDate "2021.10.24"]
[SourceVersion "1"]
[SourceVersionDate "2021.10.24"]
[SourceQuality "1"]

1. e4 e6 2. d4 d5 3. e5 c5 4. c3 Nc6 5. Nf3 Qb6 6. Bd3 cxd4 7. cxd4 Bd7 8. 0-0 Nxd4 9. Nxd4 Qxd4 10. Nc3 Qxe5 11. Re1 Qb8 12. Nxd5 Bd6 13. Qg4 Kf8 14. Bd2 h5 15. Qh3 Bc6 16. Ne3 Nf6 17. Bc3 Be5 18. Bxe5 Qxe5 19. Nc4 Qf4 20. Be2 Rh6 21. Rac1 Rg6 22. Bf1 Ng4 23. Qg3 Qxg3 24. hxg3 Rg5 25. f3 Nf6 26. Ne5 Rxg3 27. Nxc6 bxc6 28. Rxc6 Rg5 29. b4 Rd5 30. Rc7 Rd2 31. Ra1 Nd5 32. Rb7 Rc2 33. a4 Rc7 34. Rxc7 Nxc7 35. Rc1 Nd5 36. b5 Ke7 37. Kf2 Kd7 38. a5 g5 39. Kg3 Rc8 40. Rxc8 Kxc8 41. Bd3 f5 42. Kf2 Kc7 43. Bc4 f4 44. g3 Kd6 45. gxf4 gxf4 46. Ke2 Kc5 47. b6 axb6 0-1

[Event "FICGS rapid C 000126 email"]
[Site "FICGS email"]
[Date "2015.07.10"]
[Round "1"]
[White "Vollmer, Steve"]
[Black "Von Buttlar, Paul"]
[Result "0-1"]
[WhiteElo "1484"]
[BlackElo "1636"]
[PlyCount "48"]
[EventDate "2015.??.??"]
[EventType "tourn (rapid)"]
[EventRounds "4"]
[SourceTitle "Corr 2022"]
[Source "ChessBase"]
[SourceDate "2021.10.24"]
[SourceVersion "1"]
[SourceVersionDate "2021.10.24"]
[SourceQuality "1"]

1. d4 d5 2. c4 e6 3. Nf3 c6 4. e3 Nf6 5. Bd3 dxc4 6. Bxc4 b5 7. Bd3 Nbd7 8. Nc3 a6 9. 0-0 Bd6 10. Bd2 Bb7 11. Rc1 c5 12. Qe2 0-0 13. Rfd1 Rc8 14. a3 c4 15. Bb1 e5 16. dxe5 Nxe5 17. Nxe5 Bxe5 18. e4 Qc7 19. h3 Rfe8 20. Qf3 Re6 21. Be3 Rce8 22. g3 Bxc3 23. Rxc3 Nxe4 24. Bxe4 Rxe4 0-1

[Event "FICGS rapid C 000126 email"]
[Site "FICGS email"]
[Date "2015.07.10"]
[Round "1"]
[White "Von Buttlar, Paul"]
[Black "Ramos, Francisco Miguel R"]
[Result "1-0"]
[WhiteElo "1636"]
[BlackElo "1526"]
[PlyCount "45"]
[EventDate "2015.??.??"]
[EventType "tourn (rapid)"]
[EventRounds "4"]
[SourceTitle "Corr 2022"]
[Source "ChessBase"]
[SourceDate "2021.10.24"]
[SourceVersion "1"]
[SourceVersionDate "2021.10.24"]
[SourceQuality "1"]

1. c4 Nf6 2. Nc3 g6 3. d4 Bg7 4. e4 d6 5. f3 0-0 6. Be3 c6 7. Bd3 a6 8. Nge2 b5 9. Qd2 Bb7 10. 0-0 e5 11. d5 bxc4 12. Bxc4 c5 13. Bh6 Nbd7 14. g4 Nb6 15. Bd3 c4 16. Bc2 Nbd7 17. Ng3 Rb8 18. h4 a5 19. Kg2 Nc5 20. h5 Qc8 21. Nf5 gxf5 22. Bxg7 Kxg7 23. Qg5+ 1-0

[Event "FICGS rapid B 000219 email"]
[Site "FICGS email"]
[Date "2014.09.05"]
[Round "1"]
[White "Von Buttlar, Paul"]
[Black "Sternik, Ryszard"]
[Result "0-1"]
[WhiteElo "1732"]
[BlackElo "1843"]
[PlyCount "56"]
[EventDate "2014.??.??"]
[EventType "tourn (rapid)"]
[EventRounds "6"]
[SourceTitle "Corr 2022"]
[Source "ChessBase"]
[SourceDate "2021.10.24"]
[SourceVersion "1"]
[SourceVersionDate "2021.10.24"]
[SourceQuality "1"]

1. c4 e5 2. Nc3 Nf6 3. Nf3 Nc6 4. e3 Bb4 5. Qc2 d6 6. d3 Bg4 7. Be2 Bxc3+ 8. Qxc3 0-0 9. h3 Bh5 10. g4 Bg6 11. e4 a5 12. a3 Qd7 13. Be3 Nd8 14. Bg5 Ne6 15. Bxf6 gxf6 16. h4 h6 17. Qd2 Nf4 18. h5 Bh7 19. Nh4 b5 20. cxb5 Qxb5 21. Nf5 Bxf5 22. gxf5 Rab8 23. Rb1 d5 24. d4 Nxe2 25. Qxe2 exd4 26. Qd2 Rfe8 27. f3 dxe4 28. f4 Red8 0-1

[Event "FICGS W-ch st1 g04 email"]
[Site "FICGS email"]
[Date "2014.03.03"]
[Round "1"]
[White "Ponce, Trond"]
[Black "Von Buttlar, Paul"]
[Result "1-0"]
[WhiteElo "2127"]
[BlackElo "1646"]
[PlyCount "67"]
[EventDate "2014.??.??"]
[EventType "tourn (corr)"]
[EventRounds "8"]
[SourceTitle "Corr 2022"]
[Source "ChessBase"]
[SourceDate "2021.10.24"]
[SourceVersion "1"]
[SourceVersionDate "2021.10.24"]
[SourceQuality "1"]

1. e4 e6 2. d4 d5 3. exd5 exd5 4. Nf3 Bd6 5. Bd3 Ne7 6. 0-0 Bf5 7. Bxf5 Nxf5 8. Qd3 Qd7 9. c4 c6 10. Re1+ Ne7 11. c5 Bc7 12. Qe2 Kf8 13. Nc3 f6 14. Qd3 Na6 15. Rb1 Nb4 16. Qd1 Re8 17. a3 Na6 18. b4 Kf7 19. b5 Nb8 20. Qd3 Ba5 21. Bd2 Nf5 22. Rec1 h5 23. h3 Rc8 24. Rc2 Bxc3 25. Rxc3 b6 26. Bf4 Ne7 27. Bd6 Rhe8 28. Bxe7 Rxe7 29. Qh7 Re4 30. Ne5+ fxe5 31. dxe5 Rf4 32. Rg3 Rg8 33. Qg6+ Kf8 34. Rbb3 1-0

[Event "FICGS class D 000204 email"]
[Site "FICGS email"]
[Date "2014.02.25"]
[Round "1"]
[White "Von Buttlar, Paul"]
[Black "Arteau, Benoit"]
[Result "1-0"]
[WhiteElo "1593"]
[BlackElo "1465"]
[PlyCount "67"]
[EventDate "2014.??.??"]
[EventType "tourn (corr)"]
[EventRounds "6"]
[SourceTitle "Corr 2022"]
[Source "ChessBase"]
[SourceDate "2021.10.24"]
[SourceVersion "1"]
[SourceVersionDate "2021.10.24"]
[SourceQuality "1"]

1. c4 e5 2. Nc3 Nc6 3. Nf3 f5 4. d4 e4 5. Ng5 Be7 6. Nh3 Nf6 7. Bg5 0-0 8. e3 d6 9. Nf4 h6 10. Bxf6 Bxf6 11. Be2 Bd7 12. Ng6 Re8 13. Bh5 Ne7 14. Nxe7+ Qxe7 15. Nd5 Qd8 16. Bxe8 Bxe8 17. Nxf6+ Qxf6 18. Qd2 Bf7 19. b3 c5 20. Rd1 Qg5 21. 0-0 Bh5 22. f4 exf3 23. Rf2 Re8 24. dxc5 dxc5 25. Qd5+ Kh7 26. h4 Qxe3 27. Qxf5+ Bg6 28. Qxf3 Qe7 29. h5 Be4 30. Qf7 Qg5 31. Qxe8 Bc6 32. Qg6+ Qxg6 33. hxg6+ Kxg6 34. Re1 1-0

[Event "FICGS class D 000204 email"]
[Site "FICGS email"]
[Date "2014.02.25"]
[Round "1"]
[White "Von Buttlar, Paul"]
[Black "Goldmund, Heike"]
[Result "1-0"]
[WhiteElo "1593"]
[BlackElo "1456"]
[PlyCount "121"]
[EventDate "2014.??.??"]
[EventType "tourn (corr)"]
[EventRounds "6"]
[SourceTitle "Corr 2022"]
[Source "ChessBase"]
[SourceDate "2021.10.24"]
[SourceVersion "1"]
[SourceVersionDate "2021.10.24"]
[SourceQuality "1"]

1. c4 c6 2. Nc3 Nf6 3. d4 d5 4. Nf3 Be6 5. cxd5 cxd5 6. e3 Bg4 7. Be2 e6 8. 0-0 Be7 9. a3 Nbd7 10. b4 Nb6 11. Bb5+ Nbd7 12. h3 Bh5 13. g4 Bg6 14. g5 Ne4 15. Nxe4 Bxe4 16. Ne5 Bd6 17. Nxd7 Qxg5+ 18. Qg4 Qxg4+ 19. hxg4 h5 20. Nf6+ Ke7 21. Nxe4 dxe4 22. g5 f6 23. f4 exf3 24. e4 h4 25. Rxf3 Bg3 26. g6 Rac8 27. Be3 Rc3 28. d5 exd5 29. Bc5+ Rxc5 30. bxc5 Rc8 31. exd5 Rxc5 32. d6+ Bxd6 33. Re3+ Kd8 34. Rd1 Kc7 35. Be8 Rg5+ 36. Kh1 b6 37. Rc3+ Bc5 38. Rd7+ Kc6 39. Rxg7+ Kd6 40. Rxa7 Rg1+ 41. Kh2 Re1 42. g7 Rxe8 43. Kh3 b5 44. Kxh4 Bxa7 45. Kh5 Ke6 46. Kg6 f5 47. Rc6+ Ke5 48. Kf7 Rd8 49. Re6+ Kd5 50. Re8 Rd7+ 51. Re7 Rd8 52. Rxa7 f4 53. g8Q Rxg8 54. Kxg8 f3 55. Rf7 Ke4 56. Kf8 Ke3 57. Ke7 f2 58. Kd6 Ke2 59. Kc5 f1Q 60. Rxf1 Kxf1 61. Kxb5 1-0

[Event "FICGS class D 000204 email"]
[Site "FICGS email"]
[Date "2014.02.25"]
[Round "1"]
[White "Von Buttlar, Paul"]
[Black "Strohmeier, Josef"]
[Result "1-0"]
[WhiteElo "1593"]
[BlackElo "1457"]
[PlyCount "49"]
[EventDate "2014.??.??"]
[EventType "tourn (corr)"]
[EventRounds "6"]
[SourceTitle "Corr 2022"]
[Source "ChessBase"]
[SourceDate "2021.10.24"]
[SourceVersion "1"]
[SourceVersionDate "2021.10.24"]
[SourceQuality "1"]

1. c4 Nf6 2. Nc3 g6 3. e4 d6 4. d4 Bg7 5. f3 Nbd7 6. Be3 0-0 7. Bd3 e5 8. d5 a6 9. Nge2 Nc5 10. Bc2 b6 11. Qd2 Ne8 12. g4 Qh4+ 13. Ng3 f5 14. Bg5 Qh3 15. exf5 gxf5 16. gxf5 h6 17. Be3 Nf6 18. 0-0-0 Rb8 19. Rhg1 Kf7 20. Nge4 Qxf3 21. Rxg7+ Kxg7 22. Bxh6+ Kf7 23. Ng5+ Ke7 24. Bxf8+ Kxf8 25. Nxf3 1-0

[Event "FICGS rapid C 000115 email"]
[Site "FICGS email"]
[Date "2013.10.15"]
[Round "1"]
[White "Ciocan, Ioan"]
[Black "Von Buttlar, Paul"]
[Result "0-1"]
[WhiteElo "1609"]
[BlackElo "1674"]
[PlyCount "50"]
[EventDate "2013.??.??"]
[EventType "tourn (rapid)"]
[EventRounds "4"]
[SourceTitle "Corr 2022"]
[Source "ChessBase"]
[SourceDate "2021.10.24"]
[SourceVersion "1"]
[SourceVersionDate "2021.10.24"]
[SourceQuality "1"]

1. d4 d5 2. c4 c6 3. Nf3 Nf6 4. e3 e6 5. Nc3 Nbd7 6. cxd5 exd5 7. Bd3 Bd6 8. 0-0 0-0 9. Qc2 h6 10. b3 Re8 11. Bb2 Nf8 12. Rac1 Bg4 13. Be2 Rc8 14. h3 Bh5 15. Nh4 Bxe2 16. Qxe2 Ne4 17. Nf3 Bb8 18. Nd2 Qd6 19. f4 Ng3 20. Qf3 Nxf1 21. Nxf1 b6 22. Ng3 g6 23. Nce2 Qe7 24. Nc3 Qxe3+ 25. Qxe3 Rxe3 0-1

[Event "FICGS rapid C 000115 email"]
[Site "FICGS email"]
[Date "2013.10.15"]
[Round "1"]
[White "Von Buttlar, Paul"]
[Black "Cirovic, Zeljko"]
[Result "1/2-1/2"]
[WhiteElo "1674"]
[BlackElo "1530"]
[PlyCount "104"]
[EventDate "2013.??.??"]
[EventType "tourn (rapid)"]
[EventRounds "4"]
[SourceTitle "Corr 2022"]
[Source "ChessBase"]
[SourceDate "2021.10.24"]
[SourceVersion "1"]
[SourceVersionDate "2021.10.24"]
[SourceQuality "1"]

1. c4 e5 2. Nc3 f5 3. e4 f4 4. Nf3 d6 5. d4 Bg4 6. Be2 Bxf3 7. Bxf3 Nf6 8. d5 c5 9. Qa4+ Qd7 10. Nb5 Na6 11. Bd2 Be7 12. h3 0-0 13. a3 Nc7 14. Nc3 a6 15. Qxd7 Nxd7 16. 0-0-0 b5 17. Bg4 Nf6 18. cxb5 Nxb5 19. Bf5 Nxc3 20. Bxc3 g6 21. Be6+ Kg7 22. f3 Ne8 23. Bd7 Ra7 24. Bxe8 Rxe8 25. h4 h5 26. Kc2 Rb7 27. Rdg1 Bf6 28. g3 fxg3 29. Rxg3 Kh7 30. Rg2 Rg8 31. f4 Rf7 32. fxe5 Bxe5 33. Bxe5 dxe5 34. Rg5 Rf2+ 35. Kc3 Rb8 36. b4 cxb4+ 37. axb4 Rf3+ 38. Kc2 Rxb4 39. Rxe5 Ra4 40. Re7+ Kh6 41. d6 Ra2+ 42. Kb1 Rfa3 43. d7 Ra1+ 44. Kb2 R1a2+ 45. Kb1 Rd2 46. Rf1 Rad3 47. Rff7 Rd1+ 48. Kc2 R1d2+ 49. Kc1 Rd1+ 50. Kc2 R1d2+ 51. Kc1 Rd1+ 52. Kc2 R1d2+ 1/2-1/2

[Event "FICGS class C 000203 email"]
[Site "FICGS email"]
[Date "2013.10.13"]
[Round "1"]
[White "Ward, David"]
[Black "Von Buttlar, Paul"]
[Result "1-0"]
[WhiteElo "1745"]
[BlackElo "1674"]
[PlyCount "109"]
[EventDate "2013.??.??"]
[EventType "tourn (corr)"]
[EventRounds "4"]
[SourceTitle "Corr 2022"]
[Source "ChessBase"]
[SourceDate "2021.10.24"]
[SourceVersion "1"]
[SourceVersionDate "2021.10.24"]
[SourceQuality "1"]

1. e4 e6 2. d4 d5 3. Nd2 Nf6 4. e5 Nfd7 5. f4 c5 6. c3 Nc6 7. Ndf3 cxd4 8. cxd4 Qb6 9. Ne2 f6 10. a3 Be7 11. Nc3 0-0 12. Na4 Qd8 13. Be3 a6 14. b4 b5 15. Nc5 Nb6 16. Be2 Nc4 17. Bf2 fxe5 18. fxe5 Ra7 19. 0-0 Rc7 20. Bd3 Nb2 21. Bxh7+ Kxh7 22. Qc2+ Kg8 23. Qxb2 Qe8 24. Qd2 Qh5 25. Nd3 Bd8 26. Nf4 Qg4 27. Be3 Qf5 28. Rac1 Ne7 29. Nd3 Qg4 30. h3 Qh5 31. Nf4 Qf5 32. Qd3 Bd7 33. Rxc7 Bxc7 34. Qc3 Bb6 35. Nd3 Qe4 36. Nc5 Bxc5 37. bxc5 Nc6 38. Bf2 a5 39. Nd2 Qe2 40. Nb3 b4 41. axb4 axb4 42. Qd2 Qc4 43. Qb2 Ne7 44. Nd2 Qb5 45. Nf3 Nf5 46. Rb1 Rb8 47. Qb3 Qe2 48. Rb2 Qc4 49. Nd2 Qc1+ 50. Kh2 Ba4 51. Qa2 Qc3 52. Nf3 b3 53. Qb1 Kf8 54. Be1 Qe3 55. Bd2 1-0

[Event "FICGS rapid C 000112 email"]
[Site "FICGS email"]
[Date "2013.04.16"]
[Round "1"]
[White "Von Buttlar, Paul"]
[Black "Michow, Jordan"]
[Result "1-0"]
[WhiteElo "1623"]
[BlackElo "1641"]
[PlyCount "47"]
[EventDate "2013.??.??"]
[EventType "tourn (rapid)"]
[EventRounds "4"]
[SourceTitle "Corr 2022"]
[Source "ChessBase"]
[SourceDate "2021.10.24"]
[SourceVersion "1"]
[SourceVersionDate "2021.10.24"]
[SourceQuality "1"]

1. c4 e5 2. Nc3 Nf6 3. Nf3 d6 4. d4 e4 5. Nd2 Bf5 6. e3 c6 7. Be2 Be7 8. g4 Bg6 9. h4 h5 10. g5 Nh7 11. Ndxe4 d5 12. Nd2 0-0 13. Bxh5 Bxh5 14. Qxh5 Qd6 15. c5 Qe6 16. Qe2 Qf5 17. Nf1 f6 18. Ng3 Qg6 19. Bd2 fxg5 20. hxg5 Nxg5 21. 0-0-0 Nd7 22. f4 Ne4 23. Ngxe4 dxe4 24. Rdg1 1-0

[Event "FICGS rapid C 000112 email"]
[Site "FICGS email"]
[Date "2013.04.16"]
[Round "1"]
[White "Von Buttlar, Paul"]
[Black "Wilson, Jaimie"]
[Result "0-1"]
[WhiteElo "1623"]
[BlackElo "1667"]
[PlyCount "44"]
[EventDate "2013.??.??"]
[EventType "tourn (rapid)"]
[EventRounds "4"]
[SourceTitle "Corr 2022"]
[Source "ChessBase"]
[SourceDate "2021.10.24"]
[SourceVersion "1"]
[SourceVersionDate "2021.10.24"]
[SourceQuality "1"]

1. c4 e6 2. Nc3 d5 3. d4 c5 4. cxd5 exd5 5. Nf3 Nc6 6. Bf4 Nf6 7. e3 c4 8. Be2 Bb4 9. 0-0 0-0 10. a3 Bxc3 11. bxc3 Ne4 12. Qc2 Bf5 13. Qb2 Na5 14. Bd1 Re8 15. Nd2 Nxd2 16. Qxd2 Nb3 17. Bxb3 cxb3 18. a4 Rc8 19. f3 Qa5 20. Rfc1 Rc4 21. Qb2 Bc2 22. Kf2 Qxc3 0-1

[Event "FICGS rapid C 000109 email"]
[Site "FICGS email"]
[Date "2013.01.13"]
[Round "1"]
[White "Von Buttlar, Paul"]
[Black "Archip, Laurentiu"]
[Result "1-0"]
[WhiteElo "1573"]
[BlackElo "1645"]
[PlyCount "41"]
[EventDate "2013.??.??"]
[EventType "tourn (rapid)"]
[EventRounds "4"]
[SourceTitle "Corr 2022"]
[Source "ChessBase"]
[SourceDate "2021.10.24"]
[SourceVersion "1"]
[SourceVersionDate "2021.10.24"]
[SourceQuality "1"]

1. c4 d5 2. d4 dxc4 3. Nc3 Nf6 4. Nf3 e6 5. e3 Bb4 6. Bxc4 Bxc3+ 7. bxc3 0-0 8. 0-0 Nd5 9. Qc2 Nd7 10. e4 N5f6 11. Bg5 h6 12. Bh4 c6 13. Rad1 Qc7 14. e5 Nd5 15. Bb3 Nf4 16. Qe4 Ng6 17. Bc2 f5 18. exf6 Nxh4 19. Qh7+ Kf7 20. Qxg7+ Ke8 21. Qe7# 1-0

[Event "FICGS rapid C 000109 email"]
[Site "FICGS email"]
[Date "2013.01.13"]
[Round "1"]
[White "Zmolil, Josef"]
[Black "Von Buttlar, Paul"]
[Result "0-1"]
[WhiteElo "1632"]
[BlackElo "1573"]
[PlyCount "48"]
[EventDate "2013.??.??"]
[EventType "tourn (rapid)"]
[EventRounds "4"]
[SourceTitle "Corr 2022"]
[Source "ChessBase"]
[SourceDate "2021.10.24"]
[SourceVersion "1"]
[SourceVersionDate "2021.10.24"]
[SourceQuality "1"]

1. e4 e6 2. d4 d5 3. Nd2 Nf6 4. e5 Nfd7 5. Bd3 c5 6. c3 Nc6 7. Ne2 cxd4 8. cxd4 f6 9. Nf4 Qe7 10. Nf3 fxe5 11. dxe5 Ndxe5 12. Nxe5 Nxe5 13. Qh5+ Nf7 14. 0-0 g6 15. Qe2 a6 16. Re1 Nd8 17. Qd1 Qd6 18. Nxd5 Qxd5 19. Bxg6+ Kd7 20. Be8+ Kc7 21. Bf4+ Bd6 22. Qxd5 exd5 23. Re7+ Kb6 24. Bxd6 Nc6 0-1

[Event "FICGS class C 000196 email"]
[Site "FICGS email"]
[Date "2013.01.10"]
[Round "1"]
[White "Tomlin, Lincoln"]
[Black "Von Buttlar, Paul"]
[Result "1-0"]
[WhiteElo "1680"]
[BlackElo "1573"]
[PlyCount "51"]
[EventDate "2013.??.??"]
[EventType "tourn (corr)"]
[EventRounds "4"]
[SourceTitle "Corr 2022"]
[Source "ChessBase"]
[SourceDate "2021.10.24"]
[SourceVersion "1"]
[SourceVersionDate "2021.10.24"]
[SourceQuality "1"]

1. c4 e6 2. Nc3 c6 3. d4 d5 4. e3 Nf6 5. Bd3 dxc4 6. Bxc4 Nbd7 7. Nf3 b5 8. Be2 a6 9. e4 c5 10. e5 cxd4 11. Qxd4 Bc5 12. Qh4 Nd5 13. Qg3 Rg8 14. Nxd5 exd5 15. 0-0 Bb7 16. Bd2 Qe7 17. Rfe1 Bb6 18. Bg5 Qe6 19. Nh4 h6 20. Bg4 hxg5 21. Bxe6 fxe6 22. Qxg5 Nf8 23. Nf5 exf5 24. e6 Ra7 25. e7 Nd7 26. Qg6# 1-0

[Event "FICGS class C 000196 email"]
[Site "FICGS email"]
[Date "2013.01.10"]
[Round "1"]
[White "Von Buttlar, Paul"]
[Black "Josse, Mark"]
[Result "0-1"]
[WhiteElo "1573"]
[BlackElo "1675"]
[PlyCount "62"]
[EventDate "2013.??.??"]
[EventType "tourn (corr)"]
[EventRounds "4"]
[SourceTitle "Corr 2022"]
[Source "ChessBase"]
[SourceDate "2021.10.24"]
[SourceVersion "1"]
[SourceVersionDate "2021.10.24"]
[SourceQuality "1"]

1. c4 e5 2. Nc3 Nc6 3. Nf3 Bb4 4. d3 Bxc3+ 5. bxc3 d6 6. Rb1 Nge7 7. e4 0-0 8. Be2 b6 9. 0-0 Ng6 10. d4 Ba6 11. Bg5 Qe8 12. d5 Na5 13. Nd2 c6 14. Kh1 Rc8 15. f3 f6 16. Be3 cxd5 17. cxd5 Bxe2 18. Qxe2 Rxc3 19. Rfc1 Qc8 20. Nf1 Rc4 21. Qd3 Rf7 22. Rxc4 Nxc4 23. Rc1 Rc7 24. g3 b5 25. Bf2 Ne7 26. Kg2 a6 27. h4 f5 28. Nd2 Ne3+ 29. Bxe3 Rxc1 30. exf5 Nxf5 31. Bf2 Qc2 0-1

[Event "FICGS class C 000196 email"]
[Site "FICGS email"]
[Date "2013.01.10"]
[Round "1"]
[White "Zmolil, Josef"]
[Black "Von Buttlar, Paul"]
[Result "0-1"]
[WhiteElo "1632"]
[BlackElo "1573"]
[PlyCount "22"]
[EventDate "2013.??.??"]
[EventType "tourn (corr)"]
[EventRounds "4"]
[SourceTitle "Corr 2022"]
[Source "ChessBase"]
[SourceDate "2021.10.24"]
[SourceVersion "1"]
[SourceVersionDate "2021.10.24"]
[SourceQuality "1"]

1. c4 Nf6 2. Nc3 d5 3. d4 c6 4. Nf3 e6 5. e3 Nbd7 6. Bd3 dxc4 7. Bxc4 b5 8. Bd3 a6 9. a4 b4 10. Ne4 Bb7 11. 0-0 Nxe4 0-1